| 000 | 00616nam a2200169 a 4500 | ||
|---|---|---|---|
| 001 | 000011117 | ||
| 005 | 20200929162350.0 | ||
| 008 | 091014s19uu dr 000 0 spa d | ||
| 040 |
_aDO-SdBNP _bspa _cBNPHU |
||
| 082 |
_axxx _bR977m |
||
| 100 | 1 |
_aRutinel, Ulises R. _926627 |
|
| 245 | 1 | 0 |
_aMaldición gitana contra Fidel Castro o Cuba bajo la venganza fidelista : _bun episodio de la más funesta conspiración cubana / _cUlises R. Rutinel. |
| 260 |
_aCiudad Trujillo, República Dominicana : _bDel Caribe, _c[19--?]. |
||
| 300 |
_a95 p. ; _c25 cm. |
||
| 500 | _aIncluye notas al pie de las páginas | ||
| 049 | _aBNPD | ||
| 999 |
_c10842 _d10842 |
||